特定の文字を含む東京23区内の駅 - 低正答率厳選ver.(ランダム15駅) - Statistics

General Stats
  • This quiz has been taken 34 times
  • The average score is 7 of 15
Answer Stats
文字 駅名 % Correct
梶原
100%
赤土小学校前
88%
国際展示場
86%
梅屋敷
75%
沼部
71%
荒川七丁目
71%
栄町
71%
西太子堂
67%
東京国際クルーズターミナル
67%
勝どき
67%
松陰神社前
60%
東京ビッグサイト
60%
谷在家
60%
滝野川一丁目
57%
面影橋
57%
大森海岸
56%
都立家政
56%
根津
50%
住吉
50%
豪徳寺
50%
矢口渡
50%
都電雑司ヶ谷
50%
秋葉原
50%
荒川遊園地前
50%
東あずま
44%
久我山
44%
喜多見
44%
成城学園前
43%
学習院下
40%
下丸子
40%
品川シーサイド
40%
椎名町
38%
若林
38%
芝浦ふ頭
38%
羽田空港第1・第2ターミナル
33%
ときわ台
29%
有明テニスの森
25%
飛鳥山
25%
とうきょうスカイツリー
20%
流通センター
14%
大鳥居
13%
浮間舟渡
11%
明治神宮前
0%
日の出
0%
No matching quizzes found
Score Distribution
Percent of People with Each Score
Percentile by Number Answered
Your Score History
You have not taken this quiz